Synopsis rerum moralium et iuris pontificii

保存先:
書誌詳細
第一著者: Ojetti, Benedicto (著者)
フォーマット: 図書
言語:ラテン語
出版事項: Roma Ex Officina Polygraphica Editrice 1909
版:3a. ed
主題:
タグ: タグ追加
タグなし, このレコードへの初めてのタグを付けませんか!

MARC

LEADER 00000cam a2200000 a 4500
001 UCD2287
003 CL-VaPUC
008 160421e19090000it |||||||||||||||||lat|d
082 0 4 |a 262.4  |b OJE  |2 21 
100 0 |a Ojetti, Benedicto  |e author  |9 585602 
245 1 0 |a Synopsis rerum moralium et iuris pontificii 
250 |a 3a. ed 
300 |a v 
942 |c BK 
945 |d 20160421 23:07:00  |a dcastane 
260 |a Roma  |b Ex Officina Polygraphica Editrice  |c 1909 
500 |a v.1: A-C 
500 |a v.2: D-O 
500 |a v.3: P-V 
650 0 |a Teología moral   |9 256617 
650 7 |a DERECHO CANONICO  |2 CL-VaPUC  |9 585603 
583 |a last modification  |c 20160421 23:07:00  |k Rodrigo Vera 
999 |c 363450  |d 363448 
952 |0 0  |1 0  |3 erd  |4 0  |6 262_400000000000000_OJE_1909  |7 0  |8 X  |9 475842  |a BIBTEO  |b BIBTEO  |c TEO_FFR  |h v.1  |i 5226228  |o 262.4 OJE 1909  |p 5226228  |r 2024-01-18  |w 2019-11-24  |y BK_X  |z Catalogado en:20160421  |k OFM 
952 |0 0  |1 0  |3 erd  |4 0  |6 262_400000000000000_OJE_1909  |7 0  |8 X  |9 475843  |a BIBTEO  |b BIBTEO  |c TEO_FFR  |h v.2  |i 5226236  |o 262.4 OJE 1909  |p 5226236  |r 2024-01-18  |w 2019-11-24  |y BK_X  |z Catalogado en:20160421  |k OFM 
952 |0 0  |1 0  |3 erd  |4 0  |6 262_400000000000000_OJE_1909  |7 0  |8 X  |9 475844  |a BIBTEO  |b BIBTEO  |c TEO_FFR  |h v.3  |i 5226244  |o 262.4 OJE 1909  |p 5226244  |r 2024-01-18  |w 2019-11-24  |y BK_X  |z Catalogado en:20160421  |k OFM 
952 |0 0  |1 0  |3 erd  |4 0  |6 262_400000000000000_OJE_1909  |7 0  |8 X  |9 475845  |a BIBTEO  |b BIBTEO  |c TEO_FFR  |h v.4  |i 5233704  |o 262.4 OJE 1909  |p 5233704  |r 2024-01-18  |w 2019-11-24  |y BK_X  |z Catalogado en:20160603  |k OFM